[Event "RUS GP GpB rapid"]
[Site "Kazan"]
[Date "2016.05.14"]
[Round "1"]
[White "Zamaliev, Ruzat"]
[Black "Timofeev, Artyom"]
[Result "0-1"]
[WhiteElo "2102"]
[BlackElo "2598"]
[PlyCount "144"]
[EventDate "2016.05.14"]
[EventType "tourn (rapid)"]
[EventRounds "7"]
[EventCountry "RUS"]
[EventCategory "5"]
[SourceTitle "CBM 172 Extra"]
[Source "ChessBase"]
[SourceDate "2016.06.21"]
[SourceVersion "1"]
[SourceVersionDate "2016.06.21"]
[SourceQuality "1"]

1. e4 c5 2. Nf3 e6 3. d4 cxd4 4. Nxd4 Nc6 5. Nc3 Qc7 6. Be3 a6 7. Qd2 Nf6 8. 0-0-0 Bb4 9. f3 Ne7 10. Bd3 e5 11. Nde2 d5 12. exd5 Nfxd5 13. Kb1 Be6 14. Nxd5 Nxd5 15. c3 Be7 16. Bg5 f6 17. Bh4 0-0 18. Bf2 Kh8 19. Qc2 Bg8 20. Be4 Rfd8 21. h4 b5 22. h5 h6 23. Rd2 Rac8 24. Rhd1 Nb6 25. Bf5 Rb8 26. Bxb6 Qxb6 27. Rd7 Rxd7 28. Rxd7 Bf8 29. Nc1 a5 30. g4 b4 31. c4 Qc6 32. Ra7 Qc5 33. Rd7 Bxc4 34. b3 Bb5 35. Qxc5 Bxc5 36. Rd5 Bd4 37. Bd3 Bc6 38. Rxa5 Bxf3 39. Bf5 e4 40. Rd5 Bb6 41. Rd7 Rd8 42. Re7 Bc5 43. Re6 Kg8 44. Kc2 Kf7 45. Rc6 Be3 46. Rc7+ Kf8 47. Bg6 Bxg4 48. Bxe4 Bxh5 49. Nd3 Bf7 50. Nxb4 Rd4 51. Rc8+ Ke7 52. Nc6+ Kd6 53. Nxd4 Bxd4 54. Rd8+ Ke5 55. Bd3 g5 56. a4 g4 57. Rd7 Bd5 58. Rg7 h5 59. a5 f5 60. Rg5 Be4 61. Bxe4 Kxe4 62. Rxh5 g3 63. Rg5 f4 64. Kd2 Kf3 65. b4 g2 66. b5 g1Q 67. Rxg1 Bxg1 68. b6 Kg4 69. Ke2 f3+ 70. Kf1 Bd4 71. b7 Ba7 72. a6 Kg3 0-1

[Event "Samara Polugaevsky Memorial 5th"]
[Site "Samara"]
[Date "2015.07.07"]
[Round "5"]
[White "Zamaliev, Ruzat"]
[Black "Fedotov, Nikita1111"]
[Result "1-0"]
[WhiteElo "2050"]
[BlackElo "2140"]
[PlyCount "119"]
[EventDate "2015.07.03"]
[EventType "swiss"]
[EventRounds "9"]
[EventCountry "RUS"]
[SourceTitle "EXT 2017"]
[Source "ChessBase"]
[SourceDate "2016.10.25"]
[SourceVersion "1"]
[SourceVersionDate "2016.10.25"]
[SourceQuality "1"]

1. e4 c5 2. Nf3 d6 3. d4 cxd4 4. Nxd4 a6 5. c4 Nf6 6. Nc3 e6 7. Be2 Qc7 8. 0-0 b6 9. Be3 Bb7 10. f3 Nbd7 11. Rc1 Be7 12. Kh1 0-0 13. Qd2 Rac8 14. Rfd1 Qb8 15. Nb3 Rfd8 16. Bf1 Nc5 17. Qf2 Rd7 18. Nd4 Rdc7 19. Nc2 Ba8 20. Rd2 Ncd7 21. Rcd1 Ne5 22. Bxb6 Rb7 23. Bd4 Nxc4 24. Bxc4 Rxc4 25. Ne3 Rc8 26. Ne2 Rb5 27. b3 Nd7 28. Bb2 Bf8 29. Qg3 g6 30. Nc3 Rb6 31. Qf2 Nc5 32. Nc4 Rbc6 33. Ne2 e5 34. Nc3 Ne6 35. Nd5 Rd8 36. f4 Rxc4 37. bxc4 Bxd5 38. cxd5 Nxf4 39. Rf1 Rd7 40. Bc1 Qb4 41. Qe3 Rc7 42. Rdf2 Qb5 43. Bd2 Qa4 44. Qb6 Rc2 45. Bxf4 exf4 46. Rxf4 Qb5 47. Qxb5 axb5 48. Rxf7 Bg7 49. Rb7 Be5 50. g3 b4 51. Rff7 Rxa2 52. Rfc7 Ra8 53. Rxb4 Rf8 54. Kg2 h5 55. Rcb7 g5 56. Rb8 Rxb8 57. Rxb8+ Kg7 58. Re8 Bd4 59. Re6 Bc5 60. g4 1-0

[Event "Samara Polugaevsky Memorial 5th"]
[Site "Samara"]
[Date "2015.07.03"]
[Round "1"]
[White "Zamaliev, Ruzat"]
[Black "Litvinov, Maxim"]
[Result "1/2-1/2"]
[WhiteElo "2050"]
[BlackElo "2392"]
[PlyCount "136"]
[EventDate "2015.07.03"]
[EventType "swiss"]
[EventRounds "9"]
[EventCountry "RUS"]
[SourceTitle "EXT 2017"]
[Source "ChessBase"]
[SourceDate "2016.10.25"]
[SourceVersion "1"]
[SourceVersionDate "2016.10.25"]
[SourceQuality "1"]

1. e4 d6 2. d4 Nf6 3. Nc3 c6 4. Nf3 Bg4 5. h3 Bh5 6. Bd3 e6 7. Be3 d5 8. e5 Nfd7 9. Ne2 Bxf3 10. gxf3 c5 11. c3 cxd4 12. Bxd4 Nc6 13. f4 a6 14. Qd2 Nxd4 15. Nxd4 Bc5 16. Nb3 Bb6 17. 0-0-0 Qh4 18. Nd4 0-0-0 19. Rdg1 g6 20. Rg4 Qe7 21. Kb1 Bxd4 22. cxd4 Kb8 23. Qa5 Rc8 24. Rg3 Rc6 25. Rgg1 Rhc8 26. Qd2 Qd8 27. Qe3 Qb6 28. Rd1 Qb4 29. Rc1 Nb6 30. a3 Qa4 31. Be2 Rxc1+ 32. Rxc1 Rxc1+ 33. Kxc1 Nc8 34. Qc3 Qd7 35. Kd2 Qd8 36. Qb3 Na7 37. Qb4 Nc6 38. Qc5 Qa5+ 39. Qxa5 Nxa5 40. Kc3 Nc6 41. Bd3 Kc7 42. b4 Nb8 43. Bc2 Kd7 44. Ba4+ Ke7 45. Bd1 Nd7 46. a4 b6 47. Be2 a5 48. Bb5 Nf8 49. Bc6 h6 50. h4 f6 51. Bb5 Kf7 52. Bd3 Kg7 53. Be2 Nh7 54. Bg4 Kf7 55. Kb3 g5 56. hxg5 hxg5 57. fxg5 Nxg5 58. f4 Ne4 59. bxa5 bxa5 60. f5 exf5 61. Bxf5 fxe5 62. dxe5 Nc5+ 63. Kc3 Nxa4+ 64. Kd4 Nb6 65. Kc5 a4 66. Kxb6 a3 67. Bb1 Ke6 68. Kc5 Kxe5 1/2-1/2

[Event "Nezhmetdinov Memorial 37th"]
[Site "Kazan"]
[Date "2015.06.01"]
[Round "2"]
[White "Zamaliev, Ruzat"]
[Black "Terentev, Mikhail"]
[Result "1/2-1/2"]
[WhiteElo "2009"]
[BlackElo "2018"]
[PlyCount "63"]
[EventDate "2015.05.31"]
[EventType "swiss"]
[EventRounds "9"]
[EventCountry "RUS"]
[SourceTitle "CBM 166 Extra"]
[Source "ChessBase"]
[SourceDate "2015.06.18"]
[SourceVersion "1"]
[SourceVersionDate "2015.06.18"]
[SourceQuality "1"]

1. e4 c6 2. d4 d5 3. exd5 cxd5 4. c4 Nf6 5. Nc3 g6 6. Qb3 Bg7 7. cxd5 0-0 8. Be2 Nbd7 9. Bf3 Nb6 10. Nge2 a5 11. a4 Bg4 12. Bxg4 Nxg4 13. 0-0 Qd6 14. Bf4 Qb4 15. Qxb4 axb4 16. Nb5 Nxd5 17. h3 Nxf4 18. Nxf4 Nf6 19. Rfe1 e6 20. Nd3 Nd5 21. a5 Rfc8 22. Nd6 Rc7 23. Ne5 Ra6 24. Nb5 Bxe5 25. dxe5 Rc5 26. Nd6 Rcxa5 27. Rxa5 Rxa5 28. Rc1 Kg7 29. Ne8+ Kh6 30. Nd6 Kg7 31. Ne8+ Kh6 32. Nd6 1/2-1/2